| 000 | 00868nam a22002177a 4500 | ||
|---|---|---|---|
| 003 | OSt | ||
| 005 | 20260313030116.0 | ||
| 008 | 260313b |||||||| |||| 00| 0 eng d | ||
| 020 | _a978-0-439-43528-9 | ||
| 040 |
_aDWCL GS lib _cOC |
||
| 082 | _aM482 2005 | ||
| 100 | _aMEADOWS, DAISY | ||
| 245 |
_aIndia the moonstone fairy _cDAISY MEADOWS |
||
| 260 |
_aNew York _bscholastic Inc. _c2005 |
||
| 300 |
_a65p _c 20 cm |
||
| 520 | _aRachel and Kirsty help India, the fairy in charge of dream magic, recover her stolen moonstone from Jack Frost to restore magic to Fairyland. | ||
| 650 | _aShe plays a crucial role in maintaining peaceful, magical dreams for children in the human world and Fairyland. | ||
| 650 | _a friendship, clever thinking, and recognizing good things, rather than actively searching for them. | ||
| 700 | _aDAISY MEADOWS | ||
| 942 |
_2ddc _cFIC. _n0 |
||
| 999 |
_c9100 _d9100 |
||